El fascinante mundo de las serpientes / (Record no. 20955)

MARC details
000 -LEADER
fixed length control field 00920cam a2200289 a 4500
001 - CONTROL NUMBER
control field 96-B51
003 - CONTROL NUMBER IDENTIFIER
control field CStRLIN
005 - DATE AND TIME OF LATEST TRANSACTION
control field 20180623113101.0
008 - FIXED-LENGTH DATA ELEMENTS--GENERAL INFORMATION
fixed length control field 960108s1993 sp a j 001 0 spa d
020 ## - INTERNATIONAL STANDARD BOOK NUMBER
International Standard Book Number 958042229X
020 ## - INTERNATIONAL STANDARD BOOK NUMBER
International Standard Book Number 0812017994 (pbk.)
020 ## - INTERNATIONAL STANDARD BOOK NUMBER
International Standard Book Number 9780812017991 (pbk.)
040 ## - CATALOGING SOURCE
Original cataloging agency CRic
Transcribing agency CRic
041 ## - LANGUAGE CODE
Language code of text/sound track or separate title spa
092 ## - LOCALLY ASSIGNED DEWEY CALL NUMBER (OCLC)
Classification number JSP 597.96
Item number Julivert
100 1# - MAIN ENTRY--PERSONAL NAME
Personal name Julivert, Angels.
245 13 - TITLE STATEMENT
Title El fascinante mundo de las serpientes /
Statement of responsibility, etc. [texto, Maria Angels Julivert ; ilustraciones, Francisco Arredondo].
246 30 - VARYING FORM OF TITLE
Title proper/short title Serpientes.
246 30 - VARYING FORM OF TITLE
Title proper/short title Las serpientes
260 ## - PUBLICATION, DISTRIBUTION, ETC. (IMPRINT)
Place of publication, distribution, etc. Barcelona :
Name of publisher, distributor, etc. Parramon, Editorial Norma,
Date of publication, distribution, etc. c1993.
300 ## - PHYSICAL DESCRIPTION
Extent 30 p. :
Other physical details col. ill. ;
Dimensions 23 cm.
500 ## - GENERAL NOTE
General note Includes index.
520 ## - SUMMARY, ETC.
Summary, etc. Describes the physical characteristics, habits, and natural environment of various kinds of snakes.
650 #1 - SUBJECT ADDED ENTRY--TOPICAL TERM
Topical term or geographic name as entry element Snakes.
700 1# - ADDED ENTRY--PERSONAL NAME
Personal name Arredondo, Francisco
Relator code ill.
942 ## - ADDED ENTRY ELEMENTS (KOHA)
Koha item type Libro/Book
Holdings
Withdrawn status Lost status Source of classification or shelving scheme Damaged status Not for loan Home library Current library Date acquired Total Checkouts Barcode Date last seen Price effective from Koha item type
    Dewey Decimal Classification     Monte Cristo -- Satellite Monte Cristo -- Satellite 06/06/2019   40201749 06/06/2019 06/06/2019 Libro/Book

Powered by Koha